Bilder nach Buchstabe - M #2 - Statistiken

Allgemein
  • Dieses Quiz wurde 231 mal gespielt
    209 seit der letzten Aktualisierung
  • Das Durchschnittsergebnis liegt bei 12 aus 16
Antwortstatistiken
Bildquiz Antwort % Korrekt
Angela Merkel
100%
Mutter
98%
Maulwurf
97%
Mars
92%
Meerjungfrau
91%
Märchen
89%
Malta
86%
Motorroller
83%
Marionette
79%
Miesmuscheln
77%
Maracuja
67%
Marzipan
61%
Mailand
51%
Mönch
50%
Madagaskar
32%
Meissener Porzellan
25%
Keine übereinstimmenden Quizze gefunden
Verteilung der Resultate
Anzahl Personen mit jedem Resultat
Perzentil nach korrekt beantworteten Fragen
Ihre Resultats-Entwicklung
Sie haben dieses Quiz seit der letzten Aktualisierung nicht gespielt